Why has Japan "succeeded"? Western technology and the Japanese ethos

Guardado en:
Detalles Bibliográficos
Autor principal: Morishima, Michio
Formato: Libro
Lenguaje:inglés
Publicado: Cambridge University Press 1982
Etiquetas: Agregar Etiqueta
Sin Etiquetas, Sea el primero en etiquetar este registro!

MARC

LEADER 00000nam a2200000 4500
001 c138623
005 20041019155313.6
041 0 |a eng 
044 |a GB 
245 1 0 |a Why has Japan "succeeded"?  |b Western technology and the Japanese ethos  |c Michio Morishima 
264 1 |a Cambridge  |b University Press  |c 1982 
300 |a 207 s. 
100 1 |a Morishima, Michio